|
|
|
|
| LEADER |
01829nam a2200337 a 4500 |
| 001 |
GR-Patra14824 |
| 003 |
GR-PaULI |
| 008 |
020830s2002 gr e b 000 0 gre d |
| 040 |
|
|
|a GrPaTEI
|b gre
|c GR-PaULI
|
| 040 |
|
|
|a GrPaTEI
|b gre
|c GR-PaULI
|
| 100 |
1 |
|
|a Καμπούρη, Αικατερίνη
|
| 245 |
1 |
0 |
|a Έλεγχος σε ανεμπόδιστη θλίψη παράλληλα και κάθετα προς τις ίνες όλων των χαρακτηριστικών ειδών ξυλείας που χρησιμοποιούνται στις κατασκευές /
|c Σπουδάστριες: Καμπούρη Αικατερίνη ,Λυσίτση Αντωνία Χελιδόνα ,Μπούσδα Ελένη / Εισηγητής καθηγητής: Παγουλάτος Δημήτριος.
|
| 260 |
|
|
|a Πάτρα (ΤΕΙ Πάτρας),
|c 2002
|
| 300 |
|
|
|a 146 σ.
|a πιν.
|
| 300 |
|
|
|c εικ.
|
| 504 |
|
|
|a Περιλαμβάνει βιβλιογραφία.
|
| 650 |
|
4 |
|a ΚΑΤΑΣΚΕΥΕΣ
|
| 650 |
|
4 |
|a ΞΥΛΕΙΑ
|
| 650 |
|
4 |
|a Πτυχιακή εργασία
|
| 700 |
1 |
|
|a Λυσίτση, Αντωνία-Χελιδόνα
|
| 700 |
1 |
|
|a Μπούσδα, Ελένη
|
| 700 |
1 |
|
|a Παγουλάτος, Δημήτριος,
|c Εισηγητής
|
| 710 |
0 |
|
|a Σ.Τ.Ε..
|b Τμήμα Πολιτικών Εργων Υποδομής
|
| 710 |
0 |
|
|a Τ.Ε.Ι Πάτρας
|
| 856 |
4 |
0 |
|u https://nereus.library.upatras.gr/formerpat/ptyxiakes/ste/ste_pey/2001-2005/3294pe.pdf
|
| 907 |
|
|
|a .b26623390
|b 15-04-20
|c 23-09-16
|
| 942 |
|
|
|2 ddc
|b LISK
|c ERST
|x GrPaTEI
|
| 952 |
|
|
|0 0
|1 0
|4 0
|7 0
|9 343572
|a LISK
|b LISK
|d 2021-11-12
|l 0
|r 2021-11-12 00:00:00
|w 2021-11-12
|y ERST
|x Μεταφορά από πΤΕΙ Δυτικής Ελλάδος
|
| 981 |
|
|
|p atra14824
|
| 998 |
|
|
|a 24
|b 15-01-16
|c m
|d u
|e -
|f gre
|g gr
|h 0
|
| 999 |
|
|
|c 198005
|d 198005
|